000 00717nam a2200289Ia 4500
003 OSt
005 20231110122313.0
008 210324s9999||||xx |||||||||||||| ||und||
040 _cSTCPL
041 _aENG
082 _a516.2
_bTHO-T V.2
100 _aHealth L. Thomas
245 4 _aThe thirteen books of euglids elements Vol.2 :
_bwith introduction and commentary /
_cby Thomas L. Heath
250 _a2nd ed.
260 _aNew York :
_bDover Publications ,
_c1956 .
300 _a429 p.
_bPB
650 _aMathematics
650 _aGeometry
650 _aPropositions
650 _aEqual circles
942 _cBK
942 _2ddc
942 _2ddc
942 _2ddc
942 _2ddc
942 _2ddc
999 _c9479
_d9479